Регионална библиотека "Любен Каравелов" - Русе

Избрани творби (Запис номер 187966)

MARC детайли
000 -Лидер
Контролно поле с фиксирана дължина 01350nam a2200289 c 4500
003 - Код на организацията, давaща контролен номер
Контролно поле BLK
005 - Дата и час на последна редакция
Контролно поле 20200610083456.0
008 - Елементи от данни с фиксирана дължина
fixed length control field 180411b bul|||||r ||||||| ||bul||
010 ## - Наследен системен номер
LC control number KNG00196984000
040 ## - Източник на каталожния запис
Идентификатор на билиотеката - собственик на записа BLK
041 ## - Код за език
Код за езика на текст/звукозапис или на отделно заглавие Български
Код за езика КДБФ Български
080 ## - УДК
Текстов определител УДК Българска литература
УДК код - определител по УДК 821.163.2
УДК определител -4
УДК - код + определител 821.163.2-4
100 1# - Редна дума - Автор
Автор Стоянов, Людмил
Авторска отговорност първи автор
Автор - информация (биография) Златарев, Георги Стоянов
R(LIN) 367666
139 ## - Редно поле
Редна дума Стоянов, Людмил
Авторски знак Стоя - С 83
245 10 - Сведения за заглавието
Заглавие Избрани творби
Подзаглавни данни В 2 т.
Редно поле (дума) Людмил Стоянов; подб. и ред. Борис Делчев.
Том Т. 2.
Заглавие на том Публицистика ; Литературни статии
257 ## - Страна на издаване
Страна на създаване/издаване България
260 ## - Област на издателските данни
Име на издателя, разпространителя и проч. Бълг. писател
Година на издаване 1983
Печатница Враца : В. Александров
Място на издаване, разпространение и проч. София
300 ## - Физическа характеристика
Размери/Мащаб 21 см
380 ## - Жанр
Жанр Худож. лит.
700 1# - Други автори (авторска отговорност)
Лично име Делчев, Борис
Автороска отговорност (Описва отношението между автора и произведението) подб. и ред.
Друга информация Стойчев, Борис Делчев
9 (RLIN) 363811
760 1# - Описание на основната серия
Редна дума на основното описание Стоянов, Людмил
Място на издаване, издател и година 1983
Страници - том 443 с.
Забележка - том 8113 тир. - Съдържа и биогр. скица / Христо Дудевски.
Заглавие Т. 2. Публицистика ; Литературни статии
852 ## - Местоположение
Форматна сигнатура Цб 122452
856 4# - Електронен адрес и достъп
Електронен формат pdf - файл
856 4# - Електронен адрес и достъп
Електронен формат pdf - файл
999 ## - СИСТЕМНИ КОНТРОЛНИ НОМЕРА
Koha biblionumber 187966
Koha biblioitemnumber 187966
942 ## - АРТИКУЛИ
Вид на библиотечния материал Книги
Скрит в OPAC Не
Периодичен библиозапис Да
944 ## - СЪЗДАВАНЕ И РЕДАКЦИЯ на ЗАПИСА
Създаване/Редакция Създаване
Дата на регистрацията/редакция 29.11.2016
Служител, извършил регистрацията/редакцията Нора_Радева
944 ## - СЪЗДАВАНЕ И РЕДАКЦИЯ на ЗАПИСА
Създаване/Редакция Редакция
Дата на регистрацията/редакция 29.11.2016
Служител, извършил регистрацията/редакцията Нора_Радева
999 ## - СИСТЕМНИ КОНТРОЛНИ НОМЕРА
Koha biblioitemnumber 187966
Наличности
Код за отписване Код за изгубен артикул Източник на класификационната схема Код за повреда Коз за рестрикции Код за отдаване Артикулен № Име на библиотеката - собственик Име на библиотеката, в която се намира в момента Статус (Текущо местоположение) Дата на вписване в системата Местоположение - отдел Цена в лева Инвентарен номер Систематично азбучна сигнатура Баркод Номер на екземпляра Цена в евро Служебна бележка Служебен тип на артикула Бележка за публиката
  Не е изгубен Universal Decimal Classification Не е повреден без рестрикции ползва се в читалня 328812 Регионална библиотека "Любен Каравелов" Русе Регионална библиотека "Любен Каравелов" Русе Хранилище 1983-01-01 Хранилище 3.22 385890 Цб 122452 900000017863 1 1.65 Вид: Сф Дата: 01.01.1983 Книги  
Изтеглен Не е изгубен   Не е повреден без рестрикции заемане за дома 328813 Регионална библиотека "Любен Каравелов" Русе Регионална библиотека "Любен Каравелов" Русе   1983-01-01 Заемна - подръчен фонд 3.22 386515 П 886.7-4/С 83 386515 2 1.65 Вид: Сф Дата: 01.01.1983 Книги Отч.N: 6/2018 , Дата: 22.01.2018
  Не е изгубен Universal Decimal Classification Не е повреден без рестрикции заемане за дома 328814 Регионална библиотека "Любен Каравелов" Русе Регионална библиотека "Любен Каравелов" Русе Заемна - подръчен фонд 1983-01-01 Заемна - подръчен фонд 3.22 386514 П 886.7-4/С 83 120000386514 3 1.65 Вид: Сф Дата: 01.01.1983 Книги  
Vip Innovations Ltd, Rousse, Bulgaria 2025